00326nam a2200133Ia 4500008004100000100004400041245002600085250001200111260002500123300000800148650001200156942000700168999001700175190216s9999||||xx |||||||||||||| ||und|| a"Nigham . Sp , Sinha. H.C , Sarma. Jc" 0aText Book Of Dynamics a1st Ed. bRamprasad&Sonsc1965 a389 aPhysics cBK c32716d32716